[Event "DEM U14w 2023"]
[Site "Willingen GER"]
[Date "2023.05.28"]
[Round "1"]
[White "Schwarzfischer, Julia"]
[Black "Müller, Riyanna"]
[Result "0-1"]
[Termination "normal"]
[Board "1"]
[WhiteElo "1364"]
[BlackElo "1687"]
[WhiteClock "00:12:16"]
[BlackClock "00:08:43"]
[PlyCount "78"]
[WhiteFideId "16268105"]
[BlackFideId "16287401"]
[EventCountry "GER"]
[EventRounds "9"]
[EventType "swiss"]
[EventDate "2023.05.27"]

1. e4 {[%clk 01:30:58] [%emt 00:00:02]} 1... e5 {[%clk 01:30:54] [%emt
00:00:06]} 2. Nf3 {[%clk 01:31:22] [%emt 00:00:06]} 2... Nc6 {[%clk 01:31:15]
[%emt 00:00:09]} 3. Bc4 {[%clk 01:30:37] [%emt 00:01:14]} 3... Bc5 {[%clk
01:31:19] [%emt 00:00:27]} 4. c3 {[%clk 01:30:52] [%emt 00:00:15]} 4... Nf6
{[%clk 01:31:21] [%emt 00:00:27]} 5. d3 {[%clk 01:31:12] [%emt 00:00:11]} 5...
a6 {[%clk 01:31:09] [%emt 00:00:42]} 6. Bb3 {[%clk 01:31:22] [%emt 00:00:20]}
6... Ba7 {[%clk 01:30:39] [%emt 00:01:00]} 7. Nbd2 {[%clk 01:30:38] [%emt
00:01:14]} 7... d5 {[%clk 01:26:57] [%emt 00:04:11]} 8. Qe2 {[%clk 01:20:40]
[%emt 00:10:28]} 8... O-O {[%clk 01:24:27] [%emt 00:03:00]} 9. O-O {[%clk
01:17:16] [%emt 00:03:54]} 9... Re8 {[%clk 01:22:34] [%emt 00:02:24]} 10. h3
{[%clk 01:11:17] [%emt 00:06:29]} 10... Nh5 {[%clk 01:06:05] [%emt 00:16:58]}
11. Rd1 {[%clk 00:50:30] [%emt 00:21:02]} 11... Nf4 {[%clk 01:02:04] [%emt
00:04:47]} 12. Qf1 {[%clk 00:50:25] [%emt 00:00:34]} 12... Re6 {[%clk 00:48:54]
[%emt 00:13:40]} 13. Kh2 {[%clk 00:43:07] [%emt 00:07:47]} 13... Rg6 {[%clk
00:46:53] [%emt 00:02:33]} 14. Ne1 {[%clk 00:41:12] [%emt 00:02:24]} 14... Rh6
{[%clk 00:25:27] [%emt 00:21:56]} 15. Ndf3 {[%clk 00:38:25] [%emt 00:03:18]}
15... Bxh3 {[%clk 00:19:04] [%emt 00:06:53]} 16. Bxf4 {[%clk 00:22:49] [%emt
00:16:06]} 16... Bxg2+ {[%clk 00:19:10] [%emt 00:00:22]} 17. Kxg2 {[%clk
00:23:10] [%emt 00:00:11]} 17... exf4 {[%clk 00:19:12] [%emt 00:00:28]} 18. Qe2
{[%clk 00:16:26] [%emt 00:07:14]} 18... Qd7 {[%clk 00:17:41] [%emt 00:01:58]}
19. Ng5 {[%clk 00:15:24] [%emt 00:01:33]} 19... Rg6 {[%clk 00:16:32] [%emt
00:01:41]} 20. Nef3 {[%clk 00:15:11] [%emt 00:00:43]} 20... Qg4+ {[%clk
00:14:12] [%emt 00:02:50]} 21. Kf1 {[%clk 00:15:09] [%emt 00:00:28]} 21... Rxg5
{[%clk 00:08:55] [%emt 00:05:50]} 22. Nxg5 {[%clk 00:15:18] [%emt 00:00:21]}
22... Qxg5 {[%clk 00:09:22] [%emt 00:00:02]} 23. Bxd5 {[%clk 00:15:01] [%emt
00:00:48]} 23... Ne5 {[%clk 00:08:48] [%emt 00:01:03]} 24. d4 {[%clk 00:13:33]
[%emt 00:01:59]} 24... f3 {[%clk 00:08:13] [%emt 00:01:05]} 25. Qe3 {[%clk
00:12:33] [%emt 00:01:29]} 25... Qg2+ {[%clk 00:08:28] [%emt 00:00:15]} 26. Ke1
{[%clk 00:12:46] [%emt 00:00:18]} 26... Ng4 {[%clk 00:08:35] [%emt 00:00:23]}
27. Bxf7+ {[%clk 00:12:40] [%emt 00:00:37]} 27... Kh8 {[%clk 00:08:48] [%emt
00:00:16]} 28. Kd2 {[%clk 00:11:14] [%emt 00:01:57]} 28... Nxe3 {[%clk
00:09:10] [%emt 00:00:08]} 29. Kxe3 {[%clk 00:11:29] [%emt 00:00:15]} 29...
Qg5+ {[%clk 00:09:27] [%emt 00:00:12]} 30. Kd3 {[%clk 00:11:37] [%emt
00:00:22]} 30... Qf4 {[%clk 00:08:00] [%emt 00:01:56]} 31. Be6 {[%clk 00:10:58]
[%emt 00:01:08]} 31... Re8 {[%clk 00:07:36] [%emt 00:00:55]} 32. d5 {[%clk
00:11:24] [%emt 00:00:05]} 32... Bxf2 {[%clk 00:07:48] [%emt 00:00:18]} 33. Rh1
{[%clk 00:10:37] [%emt 00:01:17]} 33... Qe3+ {[%clk 00:08:05] [%emt 00:00:14]}
34. Kc2 {[%clk 00:10:53] [%emt 00:00:14]} 34... Qxe4+ {[%clk 00:08:24] [%emt
00:00:10]} 35. Kb3 {[%clk 00:11:15] [%emt 00:00:08]} 35... Rxe6 {[%clk
00:08:05] [%emt 00:00:49]} 36. dxe6 {[%clk 00:11:38] [%emt 00:00:07]} 36...
Qxe6+ {[%clk 00:08:32] [%emt 00:00:03]} 37. Kc2 {[%clk 00:11:57] [%emt
00:00:12]} 37... Qe2+ {[%clk 00:08:23] [%emt 00:00:38]} 38. Kb3 {[%clk
00:12:18] [%emt 00:00:10]} 38... Bg3 {[%clk 00:08:28] [%emt 00:00:24]} 39. Rh3
{[%clk 00:12:16] [%emt 00:00:31]} 39... Qe6+ {[%clk 00:08:43] [%emt 00:00:16]}
0-1

[Event "DEM U14w 2023"]
[Site "Willingen GER"]
[Date "2023.05.28"]
[Round "1"]
[White "Haug, Mara"]
[Black "Oellrich, Emma"]
[Result "1-0"]
[Termination "normal"]
[Board "2"]
[WhiteElo "1754"]
[BlackElo "1525"]
[WhiteClock "00:18:17"]
[BlackClock "00:10:41"]
[PlyCount "99"]
[WhiteFideId "16259300"]
[BlackFideId "16268806"]
[EventCountry "GER"]
[EventRounds "9"]
[EventType "swiss"]
[EventDate "2023.05.27"]

1. e4 {[%clk 01:30:56] [%emt 00:00:03]} 1... e6 {[%clk 01:30:57] [%emt
00:00:04]} 2. Nf3 {[%clk 01:31:15] [%emt 00:00:11]} 2... d5 {[%clk 01:31:22]
[%emt 00:00:06]} 3. Nc3 {[%clk 01:31:36] [%emt 00:00:08]} 3... Nf6 {[%clk
01:31:43] [%emt 00:00:09]} 4. e5 {[%clk 01:31:59] [%emt 00:00:07]} 4... Nfd7
{[%clk 01:32:08] [%emt 00:00:05]} 5. Ne2 {[%clk 01:32:14] [%emt 00:00:15]} 5...
c5 {[%clk 01:32:33] [%emt 00:00:05]} 6. c3 {[%clk 01:32:36] [%emt 00:00:08]}
6... Nc6 {[%clk 01:32:56] [%emt 00:00:07]} 7. d4 {[%clk 01:32:56] [%emt
00:00:09]} 7... Be7 {[%clk 01:33:19] [%emt 00:00:09]} 8. a3 {[%clk 01:32:35]
[%emt 00:00:51]} 8... O-O {[%clk 01:33:42] [%emt 00:00:07]} 9. Nf4 {[%clk
01:32:28] [%emt 00:00:36]} 9... Qa5 {[%clk 01:33:02] [%emt 00:01:11]} 10. Be3
{[%clk 01:30:55] [%emt 00:02:03]} 10... cxd4 {[%clk 01:31:31] [%emt 00:02:01]}
11. b4 {[%clk 01:27:47] [%emt 00:03:37]} 11... Qd8 {[%clk 01:23:34] [%emt
00:08:30]} 12. cxd4 {[%clk 01:24:48] [%emt 00:03:31]} 12... b6 {[%clk 01:21:10]
[%emt 00:02:55]} 13. Bd3 {[%clk 01:19:41] [%emt 00:05:36]} 13... Bb7 {[%clk
01:20:01] [%emt 00:01:39]} 14. Rc1 {[%clk 01:17:25] [%emt 00:02:46]} 14... Rc8
{[%clk 01:18:14] [%emt 00:02:17]} 15. O-O {[%clk 01:14:44] [%emt 00:03:10]}
15... a6 {[%clk 01:16:22] [%emt 00:02:23]} 16. Bb1 {[%clk 01:11:12] [%emt
00:04:02]} 16... Re8 {[%clk 01:15:52] [%emt 00:01:00]} 17. Qd3 {[%clk 00:59:54]
[%emt 00:11:47]} 17... Nf8 {[%clk 01:14:55] [%emt 00:01:28]} 18. g3 {[%clk
00:52:02] [%emt 00:08:22]} 18... Bxb4 {[%clk 00:46:11] [%emt 00:29:15]} 19.
axb4 {[%clk 00:49:00] [%emt 00:03:32]} 19... Nxb4 {[%clk 00:46:22] [%emt
00:00:18]} 20. Qb3 {[%clk 00:47:14] [%emt 00:02:15]} 20... a5 {[%clk 00:45:29]
[%emt 00:01:25]} 21. Rxc8 {[%clk 00:42:55] [%emt 00:04:48]} 21... Bxc8 {[%clk
00:44:28] [%emt 00:01:30]} 22. Bd2 {[%clk 00:42:01] [%emt 00:01:19]} 22... Ba6
{[%clk 00:43:05] [%emt 00:01:59]} 23. Rc1 {[%clk 00:36:31] [%emt 00:05:57]}
23... Bc4 {[%clk 00:41:05] [%emt 00:02:33]} 24. Qb2 {[%clk 00:35:23] [%emt
00:01:36]} 24... Nc6 {[%clk 00:39:58] [%emt 00:01:39]} 25. Bd3 {[%clk 00:33:22]
[%emt 00:02:31]} 25... b5 {[%clk 00:34:51] [%emt 00:05:38]} 26. Bxc4 {[%clk
00:25:21] [%emt 00:08:30]} 26... bxc4 {[%clk 00:34:50] [%emt 00:00:30]} 27. Ra1
{[%clk 00:22:03] [%emt 00:03:48]} 27... Qc7 {[%clk 00:33:15] [%emt 00:02:06]}
28. Qa3 {[%clk 00:19:04] [%emt 00:03:25]} 28... Ra8 {[%clk 00:31:29] [%emt
00:02:20]} 29. Ne2 {[%clk 00:17:29] [%emt 00:02:04]} 29... Nd7 {[%clk 00:28:39]
[%emt 00:03:21]} 30. Nc3 {[%clk 00:13:53] [%emt 00:03:59]} 30... Rb8 {[%clk
00:25:11] [%emt 00:04:04]} 31. Rb1 {[%clk 00:10:20] [%emt 00:04:02]} 31...
Rxb1+ {[%clk 00:23:33] [%emt 00:02:09]} 32. Nxb1 {[%clk 00:10:48] [%emt
00:00:03]} 32... Qb6 {[%clk 00:20:35] [%emt 00:03:27]} 33. Qa1 {[%clk 00:08:36]
[%emt 00:02:41]} 33... Qb3 {[%clk 00:16:32] [%emt 00:04:34]} 34. Bc3 {[%clk
00:07:39] [%emt 00:01:27]} 34... a4 {[%clk 00:12:54] [%emt 00:04:09]} 35. Nfd2
{[%clk 00:06:17] [%emt 00:01:49]} 35... Qb5 {[%clk 00:11:04] [%emt 00:02:22]}
36. Qa3 {[%clk 00:05:49] [%emt 00:00:57]} 36... h6 {[%clk 00:09:58] [%emt
00:01:37]} 37. Bb2 {[%clk 00:04:43] [%emt 00:01:32]} 37... Qa6 {[%clk 00:06:10]
[%emt 00:04:23]} 38. Nf3 {[%clk 00:04:02] [%emt 00:01:07]} 38... Nb6 {[%clk
00:04:25] [%emt 00:02:19]} 39. Qc5 {[%clk 00:03:12] [%emt 00:01:16]} 39... Nd7
{[%clk 00:03:54] [%emt 00:01:03]} 40. Qa3 {[%clk 00:03:25] [%emt 00:00:19]}
40... Nb6 {[%clk 00:03:54] [%emt 00:00:31]} 41. Nc3 {[%clk 00:03:16] [%emt
00:00:37]} 41... g5 {[%clk 00:27:31] [%emt 00:06:55]} 42. h3 {[%clk 00:31:46]
[%emt 00:01:58]} 42... Kg7 {[%clk 00:27:09] [%emt 00:00:53]} 43. Qc5 {[%clk
00:28:42] [%emt 00:03:32]} 43... Nb8 {[%clk 00:23:29] [%emt 00:04:09]} 44. Ba3
{[%clk 00:23:05] [%emt 00:06:10]} 44... N8d7 {[%clk 00:23:14] [%emt 00:00:45]}
45. Qb4 {[%clk 00:22:00] [%emt 00:01:30]} 45... Qa8 {[%clk 00:16:06] [%emt
00:07:44]} 46. Nh2 {[%clk 00:18:58] [%emt 00:03:28]} 46... Kg8 {[%clk 00:12:39]
[%emt 00:04:01]} 47. Ng4 {[%clk 00:18:22] [%emt 00:01:04]} 47... Kg7 {[%clk
00:10:31] [%emt 00:02:39]} 48. Nf6 {[%clk 00:18:16] [%emt 00:00:36]} 48... Nxf6
{[%clk 00:10:30] [%emt 00:00:32]} 49. exf6+ {[%clk 00:18:17] [%emt 00:00:29]}
49... Kxf6 {[%clk 00:10:41] [%emt 00:00:19]} 50. Qxb6 1-0

[Event "DEM U14w 2023"]
[Site "Willingen GER"]
[Date "2023.05.28"]
[Round "1"]
[White "Moldovan, Stela"]
[Black "Burlutskaia, Maria"]
[Result "1-0"]
[Termination "normal"]
[Board "3"]
[WhiteElo "1335"]
[BlackElo "1510"]
[WhiteClock "00:52:59"]
[BlackClock "00:07:46"]
[PlyCount "107"]
[WhiteFideId "16287380"]
[BlackFideId "34607137"]
[EventCountry "GER"]
[EventRounds "9"]
[EventType "swiss"]
[EventDate "2023.05.27"]

1. d4 {[%clk 01:30:56] [%emt 00:00:03]} 1... d5 {[%clk 01:30:56] [%emt
00:00:05]} 2. Nf3 {[%clk 01:31:21] [%emt 00:00:05]} 2... Nf6 {[%clk 01:31:21]
[%emt 00:00:05]} 3. e3 {[%clk 01:31:45] [%emt 00:00:06]} 3... Bg4 {[%clk
01:31:47] [%emt 00:00:04]} 4. Be2 {[%clk 01:31:05] [%emt 00:01:09]} 4... Nbd7
{[%clk 01:31:59] [%emt 00:00:18]} 5. b3 {[%clk 01:31:12] [%emt 00:00:24]} 5...
e6 {[%clk 01:32:20] [%emt 00:00:08]} 6. O-O {[%clk 01:31:21] [%emt 00:00:22]}
6... Bd6 {[%clk 01:31:20] [%emt 00:01:31]} 7. Bb2 {[%clk 01:31:36] [%emt
00:00:14]} 7... Bxf3 {[%clk 01:31:14] [%emt 00:00:35]} 8. Bxf3 {[%clk 01:31:49]
[%emt 00:00:18]} 8... c6 {[%clk 01:31:28] [%emt 00:00:16]} 9. Nd2 {[%clk
01:31:43] [%emt 00:00:36]} 9... Qc7 {[%clk 01:31:14] [%emt 00:00:44]} 10. g3
{[%clk 01:31:46] [%emt 00:00:27]} 10... h5 {[%clk 01:23:27] [%emt 00:08:17]}
11. h3 {[%emt 00:11:04]} 11... O-O-O {[%clk 01:15:19] [%emt 00:03:39]} 12. Qe2
{[%clk 01:24:54] [%emt 00:01:46]} 12... g5 {[%clk 01:12:12] [%emt 00:03:37]}
13. Bg2 {[%clk 01:25:02] [%emt 00:00:23]} 13... Rdg8 {[%clk 01:06:52] [%emt
00:05:49]} 14. c4 {[%clk 01:23:57] [%emt 00:01:35]} 14... Qd8 {[%clk 00:54:29]
[%emt 00:12:53]} 15. c5 {[%clk 01:19:48] [%emt 00:04:40]} 15... Bb8 {[%clk
00:54:38] [%emt 00:00:21]} 16. b4 {[%clk 01:17:43] [%emt 00:03:08]} 16... Ne8
{[%clk 00:48:56] [%emt 00:06:39]} 17. e4 {[%clk 01:16:52] [%emt 00:01:22]}
17... Nc7 {[%clk 00:48:13] [%emt 00:01:12]} 18. a4 {[%clk 01:14:49] [%emt
00:02:33]} 18... a6 {[%clk 00:48:02] [%emt 00:00:41]} 19. e5 {[%clk 01:11:37]
[%emt 00:03:42]} 19... Nf8 {[%emt 00:13:24]} 20. Nb1 {[%clk 01:06:39] [%emt
00:03:22]} 20... h4 21. Na3 {[%emt 00:01:42]} 21... Ng6 {[%clk 00:34:21] [%emt
00:02:41]} 22. b5 {[%clk 01:06:33] [%emt 00:00:36]} 22... Ne7 {[%clk 00:34:44]
[%emt 00:00:07]} 23. Bc3 {[%clk 01:05:51] [%emt 00:01:10]} 23... Nf5 {[%clk
00:33:28] [%emt 00:01:48]} 24. g4 {[%clk 01:05:44] [%emt 00:00:37]} 24... Ne7
{[%clk 00:32:34] [%emt 00:01:23]} 25. Ba5 {[%clk 01:06:02] [%emt 00:00:11]}
25... axb5 {[%clk 00:32:04] [%emt 00:01:02]} 26. axb5 {[%clk 01:06:12] [%emt
00:00:19]} 26... Qd7 {[%clk 00:32:17] [%emt 00:00:17]} 27. Rfb1 {[%clk
01:04:44] [%emt 00:01:58]} 27... cxb5 {[%clk 00:30:47] [%emt 00:02:01]} 28.
Bxc7 {[%clk 01:02:20] [%emt 00:02:54]} 28... Kxc7 {[%clk 00:28:23] [%emt
00:02:53]} 29. Nxb5+ {[%clk 01:02:31] [%emt 00:00:20]} 29... Kd8 {[%clk
00:18:38] [%emt 00:10:15]} 30. Ra8 {[%clk 01:01:12] [%emt 00:01:48]} 30... Nc6
{[%clk 00:18:08] [%emt 00:01:01]} 31. Nd6 {[%clk 01:01:26] [%emt 00:00:13]}
31... Nxd4 {[%clk 00:16:00] [%emt 00:02:40]} 32. Qe3 {[%clk 01:00:24] [%emt
00:01:16]} 32... Ke7 {[%clk 00:13:40] [%emt 00:03:06]} 33. Rxb7 {[%clk
00:58:37] [%emt 00:02:18]} 33... Bc7 {[%clk 00:12:56] [%emt 00:01:13]} 34. Rxg8
{[%clk 00:57:44] [%emt 00:01:24]} 34... Rxg8 {[%clk 00:12:43] [%emt 00:00:43]}
35. Qxd4 {[%clk 00:57:58] [%emt 00:00:15]} 35... Rb8 {[%clk 00:12:29] [%emt
00:00:44]} 36. Rxb8 {[%emt 00:00:56]} 36... Bxb8 {[%clk 00:12:52] [%emt
00:00:04]} 37. Qe3 {[%clk 00:57:29] [%emt 00:00:35]} 37... f6 {[%clk 00:12:21]
[%emt 00:01:03]} 38. exf6+ {[%clk 00:57:37] [%emt 00:00:22]} 38... Kxf6 {[%clk
00:12:43] [%emt 00:00:07]} 39. Qd4+ {[%clk 00:57:27] [%emt 00:00:40]} 39... Kg6
{[%clk 00:11:22] [%emt 00:01:52]} 40. Qd3+ {[%clk 00:54:59] [%emt 00:02:57]}
40... Kh6 {[%clk 00:11:38] [%emt 00:00:14]} 41. Qd4 {[%clk 00:53:17] [%emt
00:02:11]} 41... Qh7 {[%clk 00:07:25] [%emt 00:04:43]} 42. Qf6+ {[%clk
00:53:03] [%emt 00:00:44]} 42... Qg6 {[%emt 00:00:24]} 43. Qf8+ {[%clk
00:53:06] [%emt 00:00:25]} 43... Kh7 {[%clk 00:06:57] [%emt 00:01:02]} 44. Qxb8
{[%clk 00:53:24] [%emt 00:00:18]} 44... Qf6 {[%clk 00:06:45] [%emt 00:00:42]}
45. Qb1+ {[%clk 00:52:37] [%emt 00:01:16]} 45... Kh6 {[%clk 00:06:54] [%emt
00:00:21]} 46. c6 {[%clk 00:52:23] [%emt 00:00:45]} 46... Qe7 {[%clk 00:06:48]
[%emt 00:00:35]} 47. Qb7 {[%clk 00:52:27] [%emt 00:00:24]} 47... Qxd6 {[%clk
00:07:02] [%emt 00:00:19]} 48. c7 {[%clk 00:52:47] [%emt 00:00:10]} 48... Qe5
{[%clk 00:07:24] [%emt 00:00:08]} 49. c8=Q {[%clk 00:52:47] [%emt 00:00:29]}
49... Qa1+ {[%clk 00:07:36] [%emt 00:00:19]} 50. Bf1 {[%clk 00:53:01] [%emt
00:00:14]} 50... Qf6 {[%clk 00:07:56] [%emt 00:00:12]} 51. Qb1 {[%clk 00:52:53]
[%emt 00:00:34]} 51... d4 {[%clk 00:07:39] [%emt 00:00:51]} 52. Qg8 {[%clk
00:52:41] [%emt 00:00:39]} 52... d3 {[%clk 00:07:50] [%emt 00:00:21]} 53. Qxd3
{[%clk 00:52:44] [%emt 00:00:27]} 53... e5 {[%clk 00:07:46] [%emt 00:00:34]}
54. Qdh7# {[%clk 00:52:59] [%emt 00:00:15]} 1-0

[Event "DEM U14w 2023"]
[Site "Willingen GER"]
[Date "2023.05.28"]
[Round "1"]
[White "Moldovan, Tatiana"]
[Black "Hoffmann, Svenja"]
[Result "1-0"]
[Termination "normal"]
[Board "4"]
[WhiteElo "1405"]
[BlackElo "1491"]
[WhiteClock "00:25:29"]
[BlackClock "00:36:06"]
[PlyCount "69"]
[WhiteFideId "16287398"]
[BlackFideId "16287312"]
[EventCountry "GER"]
[EventRounds "9"]
[EventType "swiss"]
[EventDate "2023.05.27"]

1. e4 {[%clk 01:30:51] [%emt 00:00:09]} 1... e5 {[%clk 01:30:48] [%emt
00:00:12]} 2. Nf3 {[%clk 01:31:11] [%emt 00:00:10]} 2... Nc6 {[%clk 01:31:05]
[%emt 00:00:13]} 3. Bb5 {[%clk 01:31:36] [%emt 00:00:05]} 3... a6 {[%clk
01:31:03] [%emt 00:00:32]} 4. Ba4 {[%clk 01:31:59] [%emt 00:00:07]} 4... Nf6
{[%clk 01:30:51] [%emt 00:00:42]} 5. d4 {[%clk 01:31:12] [%emt 00:01:16]} 5...
exd4 {[%clk 01:28:26] [%emt 00:02:56]} 6. O-O {[%clk 01:28:22] [%emt 00:03:20]}
6... Be7 {[%clk 01:25:12] [%emt 00:03:43]} 7. Re1 {[%clk 01:27:45] [%emt
00:01:07]} 7... b5 {[%clk 01:24:31] [%emt 00:01:12]} 8. Bb3 {[%clk 01:28:00]
[%emt 00:00:15]} 8... d6 {[%clk 01:24:50] [%emt 00:00:12]} 9. Bd5 {[%clk
01:23:41] [%emt 00:04:48]} 9... Nxd5 {[%clk 01:20:50] [%emt 00:04:30]} 10. exd5
{[%clk 01:23:59] [%emt 00:00:12]} 10... Ne5 {[%clk 01:21:11] [%emt 00:00:08]}
11. Nxe5 {[%clk 01:21:25] [%emt 00:03:05]} 11... dxe5 {[%clk 01:16:12] [%emt
00:05:29]} 12. Rxe5 {[%clk 01:21:06] [%emt 00:00:49]} 12... O-O {[%clk
01:13:04] [%emt 00:03:37]} 13. Qh5 {[%clk 01:10:16] [%emt 00:11:21]} 13... Bf6
{[%clk 01:11:23] [%emt 00:02:11]} 14. Bg5 {[%clk 01:08:13] [%emt 00:02:33]}
14... Bb7 {[%clk 01:08:52] [%emt 00:03:01]} 15. Nd2 {[%clk 01:06:14] [%emt
00:02:29]} 15... h6 {[%clk 01:07:56] [%emt 00:01:26]} 16. Bxf6 {[%clk 01:05:02]
[%emt 00:01:42]} 16... Qxf6 {[%clk 01:05:28] [%emt 00:02:58]} 17. Rae1 {[%clk
01:01:45] [%emt 00:03:46]} 17... Qf4 {[%clk 01:05:04] [%emt 00:00:55]} 18. Nb3
{[%clk 00:58:43] [%emt 00:03:33]} 18... Bc8 {[%clk 01:00:31] [%emt 00:05:02]}
19. R1e4 {[%clk 00:54:35] [%emt 00:04:37]} 19... Qf6 {[%clk 00:52:48] [%emt
00:08:14]} 20. Nxd4 {[%clk 00:49:18] [%emt 00:05:47]} 20... Bd7 {[%clk
00:48:44] [%emt 00:04:34]} 21. c3 {[%clk 00:37:27] [%emt 00:12:21]} 21... Rad8
{[%clk 00:42:08] [%emt 00:07:06]} 22. Re3 {[%clk 00:33:58] [%emt 00:03:59]}
22... Rfe8 {[%clk 00:39:31] [%emt 00:03:07]} 23. Rxe8+ {[%clk 00:32:26] [%emt
00:02:01]} 23... Bxe8 {[%clk 00:39:54] [%emt 00:00:08]} 24. Qe5 {[%clk
00:28:55] [%emt 00:04:01]} 24... Qg6 {[%clk 00:38:19] [%emt 00:02:05]} 25. Nf5
{[%clk 00:26:15] [%emt 00:03:11]} 25... Kh7 {[%clk 00:37:55] [%emt 00:00:53]}
26. Rg3 {[%clk 00:26:27] [%emt 00:00:18]} 26... f6 {[%clk 00:36:28] [%emt
00:01:57]} 27. Qe4 {[%clk 00:25:14] [%emt 00:01:43]} 27... Qh5 {[%clk 00:34:57]
[%emt 00:02:00]} 28. Nxg7+ {[%clk 00:24:27] [%emt 00:01:18]} 28... Bg6 {[%emt
00:00:15]} 29. Nxh5 {[%clk 00:23:43] [%emt 00:01:13]} 29... Bxe4 {[%clk
00:35:18] [%emt 00:00:25]} 30. Nxf6+ {[%clk 00:24:03] [%emt 00:00:09]} 30...
Kh8 {[%clk 00:35:43] [%emt 00:00:05]} 31. Nxe4 {[%clk 00:24:07] [%emt
00:00:27]} 31... Rxd5 {[%clk 00:36:03] [%emt 00:00:10]} 32. Rg8+ {[%clk
00:24:28] [%emt 00:00:08]} 32... Kxg8 {[%clk 00:35:22] [%emt 00:01:12]} 33.
Nf6+ {[%clk 00:24:54] [%emt 00:00:04]} 33... Kg7 {[%clk 00:35:42] [%emt
00:00:10]} 34. Nxd5 {[%clk 00:25:15] [%emt 00:00:08]} 34... c5 {[%clk 00:36:06]
[%emt 00:00:06]} 35. Nc7 {[%clk 00:25:29] [%emt 00:00:16]} 1-0

[Event "DEM U14w 2023"]
[Site "Willingen GER"]
[Date "2023.05.28"]
[Round "1"]
[White "Huber, Laura"]
[Black "Bezsonna, Polina"]
[Result "1/2-1/2"]
[Termination "normal"]
[Board "5"]
[WhiteElo "1388"]
[BlackElo "1629"]
[WhiteClock "00:11:57"]
[BlackClock "00:06:34"]
[PlyCount "71"]
[WhiteFideId "16270940"]
[BlackFideId "14191156"]
[EventCountry "GER"]
[EventRounds "9"]
[EventType "swiss"]
[EventDate "2023.05.27"]

1. e4 {[%clk 01:30:57] [%emt 00:00:03]} 1... c5 {[%clk 01:30:57] [%emt
00:00:03]} 2. Nc3 {[%clk 01:31:17] [%emt 00:00:10]} 2... Nc6 {[%clk 01:31:10]
[%emt 00:00:17]} 3. f4 {[%clk 01:31:34] [%emt 00:00:13]} 3... g6 {[%clk
01:31:31] [%emt 00:00:10]} 4. Nf3 {[%clk 01:31:59] [%emt 00:00:05]} 4... Bg7
{[%clk 01:31:36] [%emt 00:00:24]} 5. Bb5 {[%clk 01:31:36] [%emt 00:00:54]} 5...
Nd4 {[%clk 01:31:48] [%emt 00:00:17]} 6. Nxd4 {[%clk 01:31:55] [%emt 00:00:10]}
6... cxd4 {[%clk 01:32:00] [%emt 00:00:19]} 7. Ne2 {[%clk 01:32:19] [%emt
00:00:06]} 7... Nf6 {[%clk 01:20:07] [%emt 00:12:23]} 8. Bd3 {[%clk 01:21:40]
[%emt 00:11:09]} 8... Qb6 {[%clk 01:18:46] [%emt 00:01:51]} 9. h3 {[%clk
01:11:12] [%emt 00:10:59]} 9... d6 {[%clk 01:14:54] [%emt 00:04:21]} 10. c3
{[%clk 01:10:31] [%emt 00:01:11]} 10... dxc3 {[%clk 01:13:57] [%emt 00:01:27]}
11. dxc3 {[%clk 01:10:18] [%emt 00:00:44]} 11... O-O {[%clk 01:13:39] [%emt
00:00:48]} 12. Nd4 {[%clk 00:54:04] [%emt 00:16:44]} 12... e5 {[%clk 01:12:23]
[%emt 00:01:46]} 13. fxe5 {[%clk 00:52:47] [%emt 00:01:46]} 13... dxe5 {[%clk
01:12:45] [%emt 00:00:08]} 14. Nf3 {[%clk 00:51:16] [%emt 00:02:01]} 14... Re8
{[%clk 01:10:42] [%emt 00:02:33]} 15. Qe2 {[%clk 00:51:04] [%emt 00:00:42]}
15... Nh5 {[%clk 01:03:32] [%emt 00:07:40]} 16. Be3 {[%clk 00:48:52] [%emt
00:02:43]} 16... Qc7 {[%clk 00:57:51] [%emt 00:06:10]} 17. Qf2 {[%clk 00:46:47]
[%emt 00:02:35]} 17... f5 {[%clk 00:39:03] [%emt 00:19:18]} 18. O-O {[%clk
00:40:16] [%emt 00:07:01]} 18... b6 {[%clk 00:32:56] [%emt 00:06:37]} 19. Qc2
{[%clk 00:31:41] [%emt 00:09:05]} 19... f4 {[%clk 00:29:54] [%emt 00:03:32]}
20. Bf2 {[%clk 00:30:54] [%emt 00:01:18]} 20... h6 {[%clk 00:29:30] [%emt
00:00:53]} 21. Rad1 {[%clk 00:29:41] [%emt 00:01:43]} 21... Be6 {[%clk
00:24:00] [%emt 00:06:00]} 22. Qa4 {[%clk 00:18:18] [%emt 00:11:53]} 22... g5
{[%clk 00:21:47] [%emt 00:02:42]} 23. Be2 {[%clk 00:16:00] [%emt 00:02:49]}
23... Nf6 {[%clk 00:19:44] [%emt 00:02:33]} 24. Bd3 {[%clk 00:14:11] [%emt
00:02:19]} 24... Nh7 {[%clk 00:19:15] [%emt 00:00:59]} 25. Bb5 {[%clk 00:13:25]
[%emt 00:01:16]} 25... Re7 {[%clk 00:18:12] [%emt 00:01:31]} 26. Bc6 {[%clk
00:12:08] [%emt 00:01:48]} 26... Rc8 {[%clk 00:07:06] [%emt 00:11:37]} 27. Bd5
{[%clk 00:11:37] [%emt 00:01:00]} 27... Bxd5 {[%clk 00:06:34] [%emt 00:01:03]}
28. Rxd5 {[%clk 00:11:57] [%emt 00:00:10]} 28... Nf6 29. Rd3 Kh7 30. Rfd1 Qc4
31. Qxc4 Rxc4 32. Nd2 Rcc7 33. Re1 h5 34. g3 Rcd7 35. Rxd7 Rxd7 36. Nf3 1/2-1/2